| 000 | 00813cam a2200265 i 4500 | ||
|---|---|---|---|
| 001 | 18540931 | ||
| 003 | OSt | ||
| 005 | 20260203121124.0 | ||
| 008 | 150325s2016 maua 001 0 eng c | ||
| 020 | _a9780357113516 | ||
| 040 |
_aKABLIB _beng _cKABLIB _erda |
||
| 082 | 0 | 0 |
_a515 _223 _bSTE |
| 100 | 1 |
_aStewart, James, _93902 |
|
| 245 | 1 | 0 |
_aCalculus / _cJames Stewart, Daniel Clegg, Saleem Watson _bEarly Transcendentals |
| 250 | _a9th ed. | ||
| 264 | 1 |
_aBoston _bCengage Learning, _c[2021] |
|
| 300 |
_axxx, 1214 p. , A158 _bcol. ill _c26 cm |
||
| 504 | _aIncludes index. | ||
| 650 | 0 |
_aCalculus _vTextbooks. _914753 |
|
| 650 | 7 |
_aCalculus. _2fast _0(OCoLC)fst00844119 |
|
| 655 | 7 |
_aTextbooks. _2fast _0(OCoLC)fst01423863 |
|
| 700 |
_aClegg, Daniel _915037 |
||
| 700 |
_aWatson, Saleem _915038 |
||
| 942 |
_2ddc _cBOOK |
||
| 999 |
_c5960 _d5960 |
||